000 00567nam a2200121Ia 4500
008 220620s9999||||xx |||||||||||||| ||und||
100 _aGonzalez, Cristian||Carlevaro, Fabrizio
245 0 _aCosting Improved Water Supply Systems for Low-income Communities
_bA Practical Manual
546 _aEnglish[eng]
650 _aTechnology & Engineering||Environmental||General||Science||Applied Sciences||Science||Environmental Science (see Also Chemistry||Environmental)
856 _uhttps://library.oapen.org/bitstream/20.500.12657/43798/1/external_content.pdf
942 _cEB
999 _c32554
_d32554